000 00288nam a2200121Ia 4500
008 190216s9999||||xx |||||||||||||| ||und||
100 _aElhance D N
245 0 _aFundamentals Of Statistics
260 _bPentice Hall Of India
_c1972
300 _a30.20p
650 _aCommerce
942 _cBK
999 _c5202
_d5202